XIV Capitolo della Provincia Italia / Atti (Record no. 98301)

MARC details
000 -LEADER
fixed length control field 01609nam a22001817a 4500
003 - CONTROL NUMBER IDENTIFIER
control field IT-RoPau
005 - DATE AND TIME OF LATEST TRANSACTION
control field 20220918181103.0
008 - FIXED-LENGTH DATA ELEMENTS--GENERAL INFORMATION
fixed length control field 130327b xxu||||| |||| 00| 0 eng d
040 ## - CATALOGING SOURCE
Transcribing agency IT-RoPau
100 ## - MAIN ENTRY--PERSONAL NAME
Personal name SSP Provincia Italia
9 (RLIN) 502
245 ## - TITLE STATEMENT
Title XIV Capitolo della Provincia Italia / Atti
Remainder of title Con il cuore di Paolo, uno stile di vita /Ariccia, 10-22 settembre 2006
250 ## - EDITION STATEMENT
Edition statement 1° ed
260 ## - PUBLICATION, DISTRIBUTION, ETC. (IMPRINT)
Place of publication, distribution, etc. Roma
Name of publisher, distributor, etc. SSP Casa Provinciale
Date of publication, distribution, etc. 2006
300 ## - PHYSICAL DESCRIPTION
Extent 95 pp.
Dimensions 21 cm
490 ## - SERIES STATEMENT
Series statement Società San Paolo
520 ## - SUMMARY, ETC.
Summary, etc. Indice<br/><br/>Presentazione<br/>Lettera di nomina<br/>Convocazione del Capitolo Provinciale<br/>Lettera del Superiore Generale: linee programmatiche<br/>1. Identità irrinunciabile del carisma paolino<br/>2. Spiritualità e pratiche di pietà paoline<br/>3. Proposta vocazionale e formazione paolina<br/>4. Tutto per il Vangelo con tutta la comunicazione<br/>5. Progetto comunitario paolino<br/>6. Progetto di Famiglia Paolina<br/>Elenco dei membri del XIV Capitolo Provinciale<br/>Celebrazione eucaristica di apertura<br/>Omelia del Superiore provinciale<br/>In navigazione verso il "nuovo mondo" dei media<br/>Prof. Alberto Bourlot<br/>Fedeltà creativa al carisma paolino<br/>Don Silvio Sassi<br/>"Con il cuore di Paolo, uno stile di vita"<br/>Relazione del Superiore Provinciale Don Ampelio Crema<br/>1. Introduzione<br/>2. Con il cuore di Paolo<br/>3. Dare un " volto" alle attese e speranze: alcune piste possibili<br/>4. Conclusione<br/><br/>Verbale dell'elezione dei Consiglieri provinciali<br/>Celebrazione eucaristica di chiusura<br/>Omelia del Superiore generale<br/><br/>Progetto pastorale della Provincia Italia<br/>1. Con il cuore di Paolo<br/>2. In comunione di vita<br/>3. Per la missione
942 ## - ADDED ENTRY ELEMENTS (KOHA)
Source of classification or shelving scheme Dewey Decimal Classification
Koha item type LIBRO
Holdings
Withdrawn status Lost status Source of classification or shelving scheme Damaged status Not for loan Home library Current library Date acquired Total Checkouts Full call number Date last seen Price effective from Koha item type
    Dewey Decimal Classification Buone Condizioni Not For Loan PAULUS-BIBLIOTECA PAULUS-BIBLIOTECA 27/03/2013   P C4 27/03/2013 27/03/2013 LIBRO
CREDITS: SOCIETA' SAN PAOLO Via A.Severo, 58 - ROMA (RM) & PERIODICI SAN PAOLO SRL Via Giotto, 36 MILANO & CISF Via Giotto, 36 MILANO & EDIZIONI SAN PAOLO SRL,  Piazza Soncino, 5 CINISELLO BALSAMO (MI) -- ITALY